Vyrovnáme rozpočet navždy? Zákonná pojistka

Tri okruhy problémov okolo zostavovania rozpočtu. Otázka deficitného alebo vyrovnaného rozpočtu. Snaha o ústavné uzákonenie vyrovnaného štátneho rozpočtu. Zahraničné skúsenosti s ústavným uzákonením vyrovnaného rozpočtu. Nevyhnutné podmienky pre prijatie zákona o vyrovnanom rozpočte.

Salvato in:
Dettagli Bibliografici
Autore principale: Zahradník, Petr
Natura: Capitolo di libro
Lingua:ceco
Soggetti:
Tags: Aggiungi Tag
Nessun Tag, puoi essere il primo ad aggiungerne!!

MARC

LEADER 00000naa a2200000 4500
001 r015821
005 20221213082131.0
041 0 |a cze 
044 |a CZ 
245 1 0 |a Vyrovnáme rozpočet navždy?  |b Zákonná pojistka  |c P. Zahradník 
520 |a Tri okruhy problémov okolo zostavovania rozpočtu. Otázka deficitného alebo vyrovnaného rozpočtu. Snaha o ústavné uzákonenie vyrovnaného štátneho rozpočtu. Zahraničné skúsenosti s ústavným uzákonením vyrovnaného rozpočtu. Nevyhnutné podmienky pre prijatie zákona o vyrovnanom rozpočte. 
610 2 0 |a rozpočet štátny 
610 2 0 |a zákony 
610 2 0 |a Česko 
100 1 |a Zahradník, Petr